Impact of the national horticulture mission scheme in Haryana (Record no. 504130)

000 -LEADER
fixed length control field 00376cam a22001217a 4500
008 - FIXED-LENGTH DATA ELEMENTS--GENERAL INFORMATION
fixed length control field 180718b2011 xxu||||| |||| 00| 0 eng d
082 ## - DEWEY DECIMAL CLASSIFICATION NUMBER
Classification number Z24x5432 T882
100 ## - MAIN ENTRY--PERSONAL NAME
Personal name Tuteja, Usha
9 (RLIN) 689
245 ## - TITLE STATEMENT
Title Impact of the national horticulture mission scheme in Haryana
Statement of responsibility, etc by Usha Tuteja
260 ## - PUBLICATION, DISTRIBUTION, ETC. (IMPRINT)
Place of publication, distribution, etc Delhi
Name of publisher, distributor, etc Agricultural economics research centre
Date of publication, distribution, etc 2011
300 ## - PHYSICAL DESCRIPTION
Extent 96p.
942 ## - ADDED ENTRY ELEMENTS (KOHA)
Source of classification or shelving scheme
Holdings
Withdrawn status Lost status Source of classification or shelving scheme Damaged status Koha normalized classification for sorting Not for loan Permanent location Current location Date acquired Full call number Barcode Date last seen Price effective from Koha item type
        Z_24X5432_T882   Indian Institute of Public Administration Indian Institute of Public Administration 2018-08-04 Z24x5432 T882 GR20584 2018-08-04 2018-08-04 GR

Powered by Koha